[Event "Quebec-ch qual. 1"]
[Site "Montreal CAN"]
[Date "2002.04.27"]
[Round "2"]
[White "Harpin, Camille"]
[Black "Monte de Ramos, Kevin"]
[Result "1-0"]
[WhiteElo "1147"]
[BlackElo "1849"]
[PlyCount "65"]
[EventDate "2002.04.26"]
[EventType "swiss"]
[EventRounds "5"]
[EventCountry "CAN"]

1. Nf3 Nf6 2. d4 b6 3. Bg5 e6 4. e3 Bb7 5. Bd3 c5 6. Nbd2 cxd4 7. exd4 d5 8.
Rc1 Be7 9. c3 O-O 10. O-O Nbd7 11. Re1 h6 12. Bh4 Re8 13. h3 Rc8 14. Ne5 Nxe5
15. Rxe5 Qc7 16. Re1 Nd7 17. Bg3 Bd6 18. Nf1 e5 19. Be2 g6 20. Qd2 Kh7 21. Bh2
f5 22. c4 dxc4 23. Bxc4 Qb8 24. dxe5 Nxe5 25. Bb3 Rcd8 26. Qc2 Bxg2 27. Bxe5
Bxf1 28. Bxd6 Qb7 29. Qc7+ Qxc7 30. Rxc7+ Kh8 31. Rxe8+ Rxe8 32. Kxf1 Re4 33.
f4 1-0

[Event "Quebec-ch qual. 1"]
[Site "Montreal CAN"]
[Date "2002.04.27"]
[Round "2"]
[White "Singher, Jean-Pierre"]
[Black "Bouchard, Alexandre"]
[Result "1-0"]
[WhiteElo "1964"]
[BlackElo "1385"]
[PlyCount "47"]
[EventDate "2002.04.26"]
[EventType "swiss"]
[EventRounds "5"]
[EventCountry "CAN"]

1. d4 Nf6 2. c4 g6 3. Nc3 Bg7 4. e4 d6 5. f4 O-O 6. Nf3 c5 7. d5 Bg4 8. Be2
Bxf3 9. Bxf3 Nbd7 10. O-O a6 11. Qe2 Qc7 12. Bd2 e5 13. dxe6 fxe6 14. g4 Ne8
15. Bg2 Bxc3 16. Bxc3 Ng7 17. Rad1 Nb6 18. e5 dxe5 19. Bxe5 Qc8 20. Rd6 Nd7 21.
Bxg7 Kxg7 22. Rxe6 Kg8 23. b3 Qc7 24. Qb2 1-0

[Event "Quebec-ch qual. 1"]
[Site "Montreal CAN"]
[Date "2002.04.27"]
[Round "3"]
[White "Bouchard, Jean-Marc"]
[Black "Sonkin, Evan"]
[Result "1-0"]
[WhiteElo "2029"]
[BlackElo "1981"]
[PlyCount "55"]
[EventDate "2002.04.26"]
[EventType "swiss"]
[EventRounds "5"]
[EventCountry "CAN"]

1. b3 e5 2. Bb2 Nc6 3. e3 d5 4. Bb5 Bd6 5. f4 Qe7 6. Nf3 Bg4 7. fxe5 Bxe5 8.
Bxe5 Bxf3 9. Qxf3 Qxe5 10. O-O Nf6 11. d4 Qe6 12. c4 O-O 13. cxd5 Nxd5 14. Bxc6
Qxc6 15. e4 Qb6 16. Qf2 Nf6 17. e5 Ng4 18. Qf4 Rad8 19. Rd1 f6 20. Qxg4 fxe5
21. Nc3 exd4 22. Na4 Qb4 23. Qe6+ Kh8 24. a3 Qa5 25. Qc4 b5 26. Qc5 Qa6 27. Nb2
Qh6 28. Rd3 1-0

[Event "Quebec-ch qual. 1"]
[Site "Montreal CAN"]
[Date "2002.04.27"]
[Round "3"]
[White "Ibrahim, Anthony"]
[Black "Malveau, Cedric"]
[Result "1-0"]
[WhiteElo "2171"]
[BlackElo "1900"]
[PlyCount "39"]
[EventDate "2002.04.26"]
[EventType "swiss"]
[EventRounds "5"]
[EventCountry "CAN"]

1. e4 e5 2. Nf3 Nf6 3. Nxe5 d6 4. Nf3 Nxe4 5. d4 d5 6. Bd3 Bd6 7. O-O O-O 8. c4
c6 9. Qc2 Re8 10. Nc3 Nf6 11. Bg5 h6 12. Bxf6 Qxf6 13. cxd5 Bg4 14. Ne4 Qf4 15.
Nxd6 Bxf3 16. Rfe1 Nd7 17. Rxe8+ Rxe8 18. Nxe8 Bxd5 19. Re1 Kf8 20. Bc4 1-0

[Event "Quebec-ch qual. 1"]
[Site "Montreal CAN"]
[Date "2002.04.28"]
[Round "5"]
[White "Singher, Jean-Pierre"]
[Black "Ramaswamy, Kishor"]
[Result "0-1"]
[WhiteElo "1964"]
[BlackElo "2046"]
[PlyCount "56"]
[EventDate "2002.04.26"]
[EventType "swiss"]
[EventRounds "5"]
[EventCountry "CAN"]

1. d4 d5 2. c4 e6 3. Nc3 Nf6 4. Nf3 Nbd7 5. e3 c6 6. Bd3 dxc4 7. Bxc4 b5 8. Bd3
Bb7 9. O-O a6 10. a4 b4 11. Nb1 a5 12. Qe2 Be7 13. Nbd2 O-O 14. Nc4 c5 15. Rd1
Qc7 16. Bd2 Be4 17. Rac1 Qb7 18. Nfe5 cxd4 19. Nxd7 Nxd7 20. f3 Bxd3 21. Qxd3
Nc5 22. Qf1 Nb3 23. Rb1 Nxd2 24. Rxd2 dxe3 25. Nxe3 Bc5 26. Qe2 Qb6 27. Rd3
Rfd8 28. Rbd1 Bxe3+ 0-1

[Event "Quebec-ch qual. 2"]
[Site "Montreal CAN"]
[Date "2002.05.24"]
[Round "1"]
[White "Desautels, Richard"]
[Black "Moskvitch, Andrei"]
[Result "0-1"]
[WhiteElo "1736"]
[BlackElo "2196"]
[PlyCount "94"]
[EventDate "2002.05.24"]
[EventType "swiss"]
[EventRounds "5"]
[EventCountry "CAN"]

1. d4 d5 2. Nf3 c5 3. g3 cxd4 4. Nxd4 e5 5. Nb3 Nc6 6. Bg2 Be6 7. O-O Be7 8.
Nc3 Nf6 9. Bg5 d4 10. Bxf6 Bxf6 11. Ne4 O-O 12. Nxf6+ Qxf6 13. Nc5 Bc8 14. e3
dxe3 15. fxe3 Qe7 16. Nd3 Be6 17. Bxc6 bxc6 18. Nxe5 Bh3 19. Nxc6 Qc5 20. Qd5
Qxd5 21. Ne7+ Kh8 22. Nxd5 Bxf1 23. Kxf1 Rac8 24. c3 Rfd8 25. e4 Rc4 26. Re1
Re8 27. e5 Rc5 28. Nb4 Rcxe5 29. Rxe5 Rxe5 30. Nc6 Re6 31. Nxa7 Ra6 32. Nb5
Rxa2 33. b4 Rxh2 34. Nd6 Rd2 35. Nxf7+ Kg8 36. Ne5 Rd5 37. Nc6 Rd3 38. c4 Rxg3
39. b5 Rb3 40. Ne7+ Kf7 41. Nd5 Ke6 42. Nc7+ Kd7 43. Na6 Rb2 44. Nc5+ Kd6 45.
Nd3 Rd2 46. Nf2 Rd4 47. Ke2 Rxc4 0-1

[Event "Quebec-ch qual. 2"]
[Site "Montreal CAN"]
[Date "2002.05.24"]
[Round "1"]
[White "Fillion, Steve"]
[Black "Lawson, Jonathan"]
[Result "1/2-1/2"]
[WhiteElo "2131"]
[BlackElo "1586"]
[PlyCount "48"]
[EventDate "2002.05.24"]
[EventType "swiss"]
[EventRounds "5"]
[EventCountry "CAN"]

1. e4 e5 2. Nc3 Bc5 3. Nf3 Nc6 4. Nxe5 Bxf2+ 5. Kxf2 Nxe5 6. d4 Qf6+ 7. Ke1 Nc6
8. Be3 Nge7 9. g3 d6 10. Bg2 Ng6 11. Qd2 h6 12. Rf1 Qe7 13. Kf2 O-O 14. Kg1 f5
15. Nd5 Qd8 16. Rf2 Nge7 17. Nxe7+ Qxe7 18. Raf1 Re8 19. Rf4 a5 20. h4 Bd7 21.
Re1 Rf8 22. exf5 Bxf5 23. Ref1 Qd7 24. Kh2 d5 1/2-1/2

[Event "Quebec-ch qual. 2"]
[Site "Montreal CAN"]
[Date "2002.05.24"]
[Round "1"]
[White "Ibrahim, Anthony"]
[Black "Monte de Ramos, Kevin"]
[Result "1-0"]
[WhiteElo "2178"]
[BlackElo "1709"]
[PlyCount "84"]
[EventDate "2002.05.24"]
[EventType "swiss"]
[EventRounds "5"]
[EventCountry "CAN"]

1. e4 Nf6 2. e5 Nd5 3. Nc3 Nb6 4. Nf3 d5 5. d4 Bg4 6. Be2 e6 7. O-O c5 8. Be3
N6d7 9. Bg5 Qc7 10. Nb5 Qb6 11. a4 Bxf3 12. gxf3 a6 13. a5 Qc6 14. Nc3 h6 15.
Bh4 g5 16. Bg3 h5 17. h3 h4 18. Bh2 cxd4 19. Na4 Bc5 20. Qd2 Rg8 21. b4 Ba7 22.
c3 b5 23. axb6 Nxb6 24. Nxb6 Bxb6 25. cxd4 Nd7 26. Bxa6 Bd8 27. Bd3 Rxa1 28.
Rxa1 Nb6 29. b5 Qb7 30. Qa5 Kd7 31. Qa6 Kc7 32. Kf1 Kb8 33. Qa2 Nc4 34. Ke2 Na5
35. Rg1 Qb6 36. Qa4 Bc7 37. Bf4 Nc4 38. Bxc4 Qxd4 39. Bb3 Qb2+ 40. Bc2 Rc8 41.
Ra1 Bb6 42. Qa8+ Kc7 1-0

[Event "Quebec-ch qual. 2"]
[Site "Montreal CAN"]
[Date "2002.05.24"]
[Round "1"]
[White "Lemieux, Serge"]
[Black "Roy, Alain"]
[Result "0-1"]
[WhiteElo "1690"]
[BlackElo "2162"]
[PlyCount "60"]
[EventDate "2002.05.24"]
[EventType "swiss"]
[EventRounds "5"]
[EventCountry "CAN"]

1. d4 Nf6 2. c4 g6 3. Nc3 Bg7 4. e4 d6 5. Nf3 O-O 6. Be2 Nbd7 7. O-O e5 8. dxe5
dxe5 9. Bg5 h6 10. Bh4 c6 11. Qc2 Qe7 12. Rad1 a5 13. h3 Nc5 14. Bg3 Nh5 15.
Bh2 Nf4 16. Rfe1 Nce6 17. Bf1 Ng5 18. Bxf4 Nxf3+ 19. gxf3 exf4 20. Bg2 Qh4 21.
Kh2 Re8 22. Rg1 Re5 23. Qe2 Be6 24. Qf1 a4 25. Rd2 Rh5 26. Nd1 Raa5 27. Nc3 a3
28. Qd3 Rag5 29. Qf1 Rxg2+ 30. Qxg2 Bxh3 0-1

[Event "Quebec-ch qual. 2"]
[Site "Montreal CAN"]
[Date "2002.05.24"]
[Round "1"]
[White "Roussy, Arnaud"]
[Black "Pnevmonidis, Pantelis"]
[Result "0-1"]
[WhiteElo "1622"]
[BlackElo "2132"]
[PlyCount "66"]
[EventDate "2002.05.24"]
[EventType "swiss"]
[EventRounds "5"]
[EventCountry "CAN"]

1. e4 c5 2. Nf3 d6 3. d4 cxd4 4. Nxd4 Nf6 5. Nc3 a6 6. Be2 e5 7. Nb3 Be7 8. O-O
Be6 9. Kh1 Nbd7 10. f4 Qc7 11. Be3 b5 12. a3 Rc8 13. Rc1 Nb6 14. Nd2 exf4 15.
Bxf4 O-O 16. Bg3 Nfd7 17. Qe1 Bf6 18. Nd1 Na4 19. c3 Bg5 20. Bf4 Bxf4 21. Rxf4
d5 22. Qf2 d4 23. Nb1 Ne5 24. Qxd4 Nd3 25. Rxf7 Qxf7 26. Qxd3 Bc4 27. Qf3 Bxe2
28. Qxf7+ Rxf7 29. Ne3 Rd8 30. h3 Nxb2 31. Kh2 Nc4 32. Re1 Nxe3 33. Rxe2 Nf1+
0-1

[Event "Quebec-ch qual. 2"]
[Site "Montreal CAN"]
[Date "2002.05.24"]
[Round "1"]
[White "Sullivan, Neil"]
[Black "Rodriguez, Herver"]
[Result "1-0"]
[WhiteElo "2160"]
[BlackElo "1676"]
[PlyCount "79"]
[EventDate "2002.05.24"]
[EventType "swiss"]
[EventRounds "5"]
[EventCountry "CAN"]

1. e4 c5 2. Nf3 d6 3. d3 Nc6 4. g3 b5 5. Bg2 Bb7 6. O-O g6 7. Re1 Bg7 8. Nbd2
Qc7 9. Nf1 e6 10. c3 Nge7 11. Be3 O-O 12. Qd2 Ne5 13. Rad1 Ng4 14. Bg5 f6 15.
Be3 Rad8 16. Bh3 f5 17. Ng5 Qd7 18. exf5 gxf5 19. f3 Ne5 20. Bg2 Rf6 21. f4 Ng4
22. h3 Bxg2 23. Qxg2 Nxe3 24. Nxe3 h6 25. Nf3 Qc7 26. g4 Kh7 27. g5 Rg8 28. h4
Bf8 29. Kf2 e5 30. Qh2 Re6 31. Ng2 e4 32. dxe4 fxe4 33. Qh3 Qc8 34. f5 exf3 35.
Rxe6 fxg2 36. Rdxd6 Rh8 37. Qe3 Qb7 38. Rxh6+ Bxh6 39. Rxh6+ Kg8 40. Qe6+ 1-0

[Event "Quebec-ch qual. 2"]
[Site "Montreal CAN"]
[Date "2002.05.25"]
[Round "2"]
[White "Chabot, Roland"]
[Black "Libersan, Thierry"]
[Result "1-0"]
[WhiteElo "2081"]
[BlackElo "1892"]
[PlyCount "79"]
[EventDate "2002.05.24"]
[EventType "swiss"]
[EventRounds "5"]
[EventCountry "CAN"]

1. d4 Nf6 2. c4 e6 3. Nc3 d5 4. cxd5 exd5 5. Bg5 c6 6. e3 Nbd7 7. Bd3 Be7 8.
Qc2 Nf8 9. Nf3 Ng6 10. h3 Be6 11. g4 Nd7 12. Bxe7 Qxe7 13. O-O-O Qf6 14. Qe2
O-O-O 15. g5 Qe7 16. h4 Qb4 17. a3 Qa5 18. Nd2 Kb8 19. Kb1 c5 20. Nb3 Qb6 21.
dxc5 Nxc5 22. Nxc5 Qxc5 23. Bxg6 hxg6 24. Rd4 Bf5+ 25. Ka1 Rd6 26. Rhd1 Rhd8
27. Qf3 Be6 28. Qg3 Ka8 29. Ne4 dxe4 30. Rxd6 Rxd6 31. Qxd6 Qxd6 32. Rxd6 Kb8
33. Rd4 Bf5 34. Rd8+ Kc7 35. Rg8 Be6 36. Rxg7 Kd6 37. Rh7 Kd5 38. h5 gxh5 39.
Rxh5 Kd6 40. g6 1-0

[Event "Quebec-ch qual. 2"]
[Site "Montreal CAN"]
[Date "2002.05.25"]
[Round "2"]
[White "Masse, Hugues"]
[Black "Malveau, Cedric"]
[Result "0-1"]
[WhiteElo "2114"]
[BlackElo "1893"]
[PlyCount "108"]
[EventDate "2002.05.24"]
[EventType "swiss"]
[EventRounds "5"]
[EventCountry "CAN"]

1. e4 e5 2. Nc3 Nf6 3. Bc4 Nc6 4. d3 Bc5 5. f4 exf4 6. Bxf4 d6 7. Nf3 Bg4 8. h3
Bxf3 9. Qxf3 Nd4 10. Qd1 Ne6 11. Bd2 a6 12. Bxe6 fxe6 13. Qe2 e5 14. O-O-O Qd7
15. Rdf1 O-O-O 16. Bg5 Rdf8 17. Bxf6 gxf6 18. Rf5 Rhg8 19. Rhf1 Rg6 20. Nd5 Qg7
21. g4 c6 22. Nc3 Qh6+ 23. Kb1 Qxh3 24. g5 Rf7 25. Rxf6 Rgxf6 26. gxf6 Bb6 27.
Rf3 Qh1+ 28. Rf1 Qh3 29. Rf3 Qh4 30. a4 Rxf6 31. Rxf6 Qxf6 32. Qg4+ Kc7 33. Ne2
Qf1+ 34. Ka2 Qf7+ 35. Kb1 h5 36. Qh3 h4 37. Nc3 Bf2 38. Nd1 Bg3 39. Ne3 Qf3 40.
Nf5 Qd1+ 41. Ka2 Qxc2 42. Nxg3 Qxa4+ 43. Kb1 hxg3 44. Qxg3 Qd1+ 45. Ka2 Kb6 46.
Qe3+ c5 47. Qh3 Ka5 48. Qd7 Qa4+ 49. Qxa4+ Kxa4 50. b3+ Kb4 51. Kb2 b5 52. Kc2
a5 53. Kb2 a4 54. bxa4 bxa4 0-1

[Event "Quebec-ch qual. 2"]
[Site "Montreal CAN"]
[Date "2002.05.25"]
[Round "2"]
[White "Pnevmonidis, Pantelis"]
[Black "Gauthier, Denis"]
[Result "1-0"]
[WhiteElo "2132"]
[BlackElo "1943"]
[PlyCount "122"]
[EventDate "2002.05.24"]
[EventType "swiss"]
[EventRounds "5"]
[EventCountry "CAN"]

1. d4 Nf6 2. c4 e6 3. Nf3 b6 4. g3 Ba6 5. b3 d5 6. cxd5 exd5 7. Bg2 c5 8. O-O
Nc6 9. Bb2 Rc8 10. Nc3 Be7 11. Rc1 O-O 12. Re1 Re8 13. dxc5 d4 14. Nb1 bxc5 15.
Nbd2 Bf8 16. Nc4 Nd5 17. e3 dxe3 18. Nxe3 Nxe3 19. Rxe3 Rxe3 20. Qxd8 Rxd8 21.
fxe3 Nb4 22. a3 Nd3 23. Rc2 Nxb2 24. Rxb2 Be7 25. Rd2 c4 26. Rxd8+ Bxd8 27. b4
c3 28. Ne1 Bc4 29. Bf1 Bb3 30. Bd3 Bb6 31. Kf2 Kf8 32. Bc2 Bc4 33. Nf3 g6 34.
Ng5 Be6 35. Ke2 Bg4+ 36. Kd3 f6 37. Ne4 Bf5 38. g4 Bxe4+ 39. Kxe4 Ke7 40. a4
Bc7 41. h3 Be5 42. Kd5 Bg3 43. a5 Kd7 44. Ba4+ Kc7 45. Ke6 Bf2 46. e4 Bd4 47.
Kd5 Bf2 48. Ke6 Bd4 49. b5 h5 50. gxh5 gxh5 51. h4 Be5 52. Kf5 Bg3 53. Kxf6
Bxh4+ 54. Kg6 Bg3 55. Kxh5 Bf2 56. Kg5 Kd6 57. Kf5 Bd4 58. Bc2 Be5 59. b6 axb6
60. a6 Kc7 61. Kxe5 Kb8 1-0

[Event "Quebec-ch qual. 2"]
[Site "Montreal CAN"]
[Date "2002.05.25"]
[Round "2"]
[White "Roy, Alain"]
[Black "Plante, Michel"]
[Result "1-0"]
[WhiteElo "2162"]
[BlackElo "1956"]
[PlyCount "51"]
[EventDate "2002.05.24"]
[EventType "swiss"]
[EventRounds "5"]
[EventCountry "CAN"]

1. d4 d5 2. Nf3 c6 3. Bf4 e6 4. Nbd2 Bd6 5. Bg3 Nf6 6. e3 Ne4 7. Nxe4 dxe4 8.
Nd2 f5 9. Nc4 Be7 10. c3 O-O 11. Qc2 Nd7 12. O-O-O b5 13. Ne5 Nxe5 14. Bxe5 Bd6
15. f4 Rb8 16. c4 bxc4 17. Bxc4 Rf7 18. g4 Rb4 19. b3 Kh8 20. h4 a5 21. h5 a4
22. h6 Bxe5 23. dxe5 Qb6 24. Qc3 axb3 25. Bxb3 Bd7 26. gxf5 1-0

[Event "Quebec-ch qual. 2"]
[Site "Montreal CAN"]
[Date "2002.05.25"]
[Round "2"]
[White "Singher, Jean-Pierre"]
[Black "Ibrahim, Anthony"]
[Result "1/2-1/2"]
[WhiteElo "1969"]
[BlackElo "2178"]
[PlyCount "51"]
[EventDate "2002.05.24"]
[EventType "swiss"]
[EventRounds "5"]
[EventCountry "CAN"]

1. d4 Nf6 2. c4 g6 3. Nc3 Bg7 4. e4 d6 5. f4 O-O 6. Nf3 Na6 7. Be2 c5 8. d5 e6
9. O-O exd5 10. cxd5 Nc7 11. a4 h6 12. Kh1 Re8 13. e5 dxe5 14. d6 e4 15. dxc7
Qxd1 16. Rxd1 exf3 17. Bxf3 Ng4 18. Rd8 Bf5 19. Rxa8 Rxa8 20. h3 Nf2+ 21. Kh2
Bxc3 22. Bxb7 Re8 23. bxc3 Bc8 24. Rb1 Kg7 25. Bxc8 Rxc8 26. Rb7 1/2-1/2

[Event "Quebec-ch qual. 2"]
[Site "Montreal CAN"]
[Date "2002.05.25"]
[Round "2"]
[White "Vezeau, Patrice"]
[Black "Sullivan, Neil"]
[Result "0-1"]
[WhiteElo "1927"]
[BlackElo "2160"]
[PlyCount "80"]
[EventDate "2002.05.24"]
[EventType "swiss"]
[EventRounds "5"]
[EventCountry "CAN"]

1. d4 d5 2. c4 e6 3. Nf3 c5 4. cxd5 exd5 5. g3 Nc6 6. Bg2 Nf6 7. O-O Be6 8. Nc3
h6 9. Bf4 Rc8 10. Rc1 c4 11. Qc2 Bd6 12. Bxd6 Qxd6 13. Rfd1 O-O 14. a3 Rb8 15.
Nh4 b5 16. e4 dxe4 17. Nxe4 Nxe4 18. Qxe4 Na5 19. d5 Bd7 20. Nf5 Bxf5 21. Qxf5
Rfe8 22. Re1 Nb3 23. Rcd1 Nc5 24. Re3 Nd3 25. Rd2 Rxe3 26. fxe3 a5 27. Be4 g6
28. Qh3 Qe5 29. Qg2 Nc5 30. Rd4 f5 31. Bc2 Qxe3+ 32. Qf2 Qxf2+ 33. Kxf2 Kf7 34.
h4 Kf6 35. d6 Ke5 36. Ke3 g5 37. hxg5 hxg5 38. d7 Rd8 39. Bxf5 Nb3 40. Rd1 Kxf5
0-1

[Event "Quebec-ch qual. 2"]
[Site "Montreal CAN"]
[Date "2002.05.25"]
[Round "3"]
[White "Arsenault, Nicolas"]
[Black "Pnevmonidis, Pantelis"]
[Result "0-1"]
[WhiteElo "1986"]
[BlackElo "2132"]
[PlyCount "61"]
[EventDate "2002.05.24"]
[EventType "swiss"]
[EventRounds "5"]
[EventCountry "CAN"]

1. d4 Nf6 2. c4 e6 3. Nc3 Bb4 4. e3 O-O 5. Bd3 c5 6. Nf3 d5 7. O-O dxc4 8. Bxc4
Nbd7 9. a3 cxd4 10. exd4 Bxc3 11. bxc3 Qc7 12. Qd3 b6 13. Re1 Bb7 14. Bb3 Rac8
15. Bd2 Rfd8 16. Ng5 Nc5 17. Qc2 Nxb3 18. Qxb3 h6 19. Nf3 Bxf3 20. gxf3 Rd5 21.
Kg2 Rh5 22. f4 Qc6+ 23. f3 Rxh2+ 24. Kxh2 Qxf3 25. Rg1 Qh5+ 26. Kg2 Qe2+ 27.
Kh1 Qxd2 28. Rg2 Qe3 29. Rc2 Rd8 30. Qc4 Rd5 31. Re2 0-1

[Event "Quebec-ch qual. 2"]
[Site "Montreal CAN"]
[Date "2002.05.25"]
[Round "3"]
[White "Caceres Cortes, Julio"]
[Black "Mathieu, Jean Phillipe"]
[Result "1/2-1/2"]
[WhiteElo "2102"]
[BlackElo "1752"]
[PlyCount "88"]
[EventDate "2002.05.24"]
[EventType "swiss"]
[EventRounds "5"]
[EventCountry "CAN"]

1. e4 e5 2. Nf3 Nc6 3. Nc3 Bc5 4. Bb5 d6 5. d4 exd4 6. Nxd4 Bd7 7. Be3 Bxd4 8.
Bxd4 Nxd4 9. Qxd4 Nf6 10. Bc4 O-O 11. O-O-O Re8 12. f3 Qe7 13. Bb3 Bc6 14. Kb1
Qe5 15. Qc4 Re7 16. a3 Rae8 17. g3 Bd7 18. Nd5 Nxd5 19. Qxd5 Bc6 20. Qd3 Bb5
21. c4 Bd7 22. Rhe1 Kh8 23. Bc2 Rb8 24. f4 Qh5 25. e5 Rbe8 26. Rg1 dxe5 27. g4
Qh6 28. g5 Qh4 29. fxe5 g6 30. Qc3 Kg8 31. Rde1 Bc6 32. Rg3 Qxh2 33. Ree3 Qh4
34. Rh3 Qxg5 35. Rxh7 Kxh7 36. Rh3+ Kg7 37. e6+ f6 38. Rg3 Qxg3 39. Qxg3 Rxe6
40. Qxg6+ Kf8 41. Bf5 Be4+ 42. Bxe4 Rxe4 43. Qxf6+ Kg8 44. Qg6+ Kf8 1/2-1/2

[Event "Quebec-ch qual. 2"]
[Site "Montreal CAN"]
[Date "2002.05.25"]
[Round "3"]
[White "Ibrahim, Anthony"]
[Black "McDonough, Jonathan"]
[Result "1-0"]
[WhiteElo "2178"]
[BlackElo "1978"]
[PlyCount "33"]
[EventDate "2002.05.24"]
[EventType "swiss"]
[EventRounds "5"]
[EventCountry "CAN"]

1. e4 c5 2. Nf3 Nc6 3. d4 cxd4 4. Nxd4 Nf6 5. Nc3 d6 6. Bg5 Bd7 7. Qd2 Rc8 8.
O-O-O Nxd4 9. Qxd4 Qa5 10. f4 Qc5 11. e5 Qxd4 12. Rxd4 dxe5 13. fxe5 Ng4 14. e6
Bxe6 15. Bb5+ Rc6 16. Bxc6+ bxc6 17. Ra4 1-0

[Event "Quebec-ch qual. 2"]
[Site "Montreal CAN"]
[Date "2002.05.25"]
[Round "3"]
[White "Laframboise, Marc-Andre"]
[Black "Roy, Alain"]
[Result "0-1"]
[WhiteElo "2056"]
[BlackElo "2162"]
[PlyCount "52"]
[EventDate "2002.05.24"]
[EventType "swiss"]
[EventRounds "5"]
[EventCountry "CAN"]

1. d4 g6 2. c4 Bg7 3. e4 d6 4. Nc3 Nf6 5. f3 O-O 6. Be3 e5 7. d5 Ne8 8. Qd2 f5
9. O-O-O Nd7 10. Kb1 a5 11. a3 Nc5 12. b4 axb4 13. axb4 Nb3 14. Qc2 Nd4 15. Qb2
c5 16. dxc6 bxc6 17. Nce2 c5 18. b5 Ra4 19. Bd2 fxe4 20. fxe4 Bb7 21. Ng3 Qa8
22. Re1 Ra3 23. Re3 Rxf1+ 24. Nxf1 Bxe4+ 25. Rxe4 Qxe4+ 26. Kc1 Ra1+ 0-1

[Event "Quebec-ch qual. 2"]
[Site "Montreal CAN"]
[Date "2002.05.25"]
[Round "3"]
[White "Malveau, Cedric"]
[Black "Chabot, Roland"]
[Result "0-1"]
[WhiteElo "1893"]
[BlackElo "2081"]
[PlyCount "86"]
[EventDate "2002.05.24"]
[EventType "swiss"]
[EventRounds "5"]
[EventCountry "CAN"]

1. d4 Nf6 2. c4 d6 3. Nc3 Nbd7 4. Nf3 c6 5. e4 e5 6. h3 Be7 7. Be3 O-O 8. Bd3
Qc7 9. O-O Re8 10. d5 a5 11. Rc1 Nc5 12. Qe2 Bd7 13. Nd2 Qb8 14. Kh1 Rc8 15. f4
Be8 16. Bb1 Nfd7 17. f5 f6 18. h4 Bf7 19. g4 h6 20. Nf3 Kf8 21. g5 hxg5 22.
hxg5 fxg5 23. Nxg5 Bxg5 24. Bxg5 Nf6 25. Kg2 Ke7 26. Rh1 Rg8 27. Rcg1 Qc7 28.
Kf1 Raf8 29. Ke1 Ke8 30. Bxf6 gxf6 31. Rxg8 Rxg8 32. Rh7 Rg1+ 33. Kf2 Rg5 34.
Kf1 Qb6 35. Qh2 Qb4 36. Rh8+ Ke7 37. Rc8 Qxc4+ 38. Ne2 Bh5 39. dxc6 Bxe2+ 40.
Ke1 Bh5 41. cxb7 Rg1+ 42. Kf2 Qf1+ 43. Ke3 Qe1+ 0-1

[Event "Quebec-ch qual. 2"]
[Site "Montreal CAN"]
[Date "2002.05.25"]
[Round "3"]
[White "Moisan-Plante, Marc-Olivier"]
[Black "Moskvitch, Andrei"]
[Result "1-0"]
[WhiteElo "2061"]
[BlackElo "2196"]
[PlyCount "55"]
[EventDate "2002.05.24"]
[EventType "swiss"]
[EventRounds "5"]
[EventCountry "CAN"]

1. e4 c5 2. Nf3 e6 3. d4 cxd4 4. c3 dxc3 5. Nxc3 a6 6. Bc4 Ne7 7. Bg5 Qc7 8.
Bb3 Ng6 9. Rc1 Nc6 10. O-O h6 11. Nd5 Qb8 12. Be3 exd5 13. Qxd5 Nd8 14. Rc2 b5
15. Rfc1 Bb7 16. Qf5 Be7 17. Rc7 O-O 18. Qxg6 d5 19. exd5 fxg6 20. d6+ Nf7 21.
dxe7 Re8 22. Ne5 Be4 23. Bxf7+ Kh8 24. f3 Bf5 25. g4 Bxg4 26. fxg4 Rg8 27. Bxg6
b4 28. Nf7# 1-0

[Event "Quebec-ch qual. 2"]
[Site "Montreal CAN"]
[Date "2002.05.26"]
[Round "4"]
[White "Bouchard, Jean-Marc"]
[Black "Ibrahim, Anthony"]
[Result "0-1"]
[WhiteElo "2031"]
[BlackElo "2178"]
[PlyCount "70"]
[EventDate "2002.05.24"]
[EventType "swiss"]
[EventRounds "5"]
[EventCountry "CAN"]

1. b3 e5 2. Bb2 Nc6 3. e3 d5 4. Bb5 Bd6 5. f4 Qe7 6. Nf3 Bg4 7. fxe5 Bxe5 8.
Bxe5 Bxf3 9. Qxf3 Qxe5 10. O-O Nf6 11. Nc3 O-O 12. Bxc6 bxc6 13. Qf4 Qe7 14.
Ne2 Nh5 15. Qf3 g6 16. Nd4 c5 17. Nf5 Qe6 18. g4 Nf6 19. Nh6+ Kg7 20. d3 Nd7
21. Qf4 Rae8 22. Rf3 Qe5 23. Raf1 Qxf4 24. Rxf4 Kxh6 25. Rxf7 Rxf7 26. Rxf7 Ne5
27. g5+ Kxg5 28. Rxc7 Ng4 29. e4 dxe4 30. dxe4 Rxe4 31. Rxc5+ Kf4 32. Rc7 Re1+
33. Kg2 Re2+ 34. Kg1 Nxh2 35. Rxh7 Kg3 0-1

[Event "Quebec-ch qual. 2"]
[Site "Montreal CAN"]
[Date "2002.05.26"]
[Round "4"]
[White "Libersan, Mattieu"]
[Black "Caceres Cortes, Julio"]
[Result "0-1"]
[WhiteElo "1755"]
[BlackElo "2102"]
[PlyCount "58"]
[EventDate "2002.05.24"]
[EventType "swiss"]
[EventRounds "5"]
[EventCountry "CAN"]

1. e4 c5 2. Nf3 Nc6 3. d4 cxd4 4. Nxd4 Nf6 5. Nc3 e5 6. Ndb5 d6 7. Bg5 a6 8.
Na3 b5 9. Nd5 Be7 10. Bxf6 Bxf6 11. c3 O-O 12. Be2 Bg5 13. Nc2 Be6 14. Nce3
Bxe3 15. Nxe3 Rb8 16. O-O Ne7 17. a4 bxa4 18. Qxa4 Rxb2 19. Bc4 Bxc4 20. Nxc4
Re2 21. Qxa6 Rxe4 22. Nxd6 Rg4 23. Rfd1 Rg6 24. c4 Qc7 25. c5 Qxc5 26. Rac1 Qb4
27. Rc7 Nf5 28. Rc6 Qg4 29. Qf1 Nd4 0-1

[Event "Quebec-ch qual. 2"]
[Site "Montreal CAN"]
[Date "2002.05.26"]
[Round "4"]
[White "Malveau, Cedric"]
[Black "Sullivan, Neil"]
[Result "0-1"]
[WhiteElo "1893"]
[BlackElo "2160"]
[PlyCount "45"]
[EventDate "2002.05.24"]
[EventType "swiss"]
[EventRounds "5"]
[EventCountry "CAN"]

1. d4 d5 2. c4 e6 3. Nc3 c5 4. cxd5 cxd4 5. Qxd4 Nc6 6. Qd1 exd5 7. Qxd5 Bd7 8.
a3 Nf6 9. Qd1 Bc5 10. e3 Qe7 11. Nf3 O-O-O 12. Bb5 Bh3 13. Qe2 Bxg2 14. Rg1
Bxf3 15. Qxf3 Nd4 16. Qh3+ Kb8 17. Ba4 Ne4 18. Ne2 Ne6 19. b4 N6g5 20. Qg2
Bxb4+ 21. axb4 Qxb4+ 22. Kf1 Qxa4 23. Qg3+ 0-1

[Event "Quebec-ch qual. 2"]
[Site "Montreal CAN"]
[Date "2002.05.26"]
[Round "4"]
[White "Masse, Hugues"]
[Black "Ouellet-Leveille, Clement"]
[Result "1-0"]
[WhiteElo "2114"]
[BlackElo "1863"]
[PlyCount "59"]
[EventDate "2002.05.24"]
[EventType "swiss"]
[EventRounds "5"]
[EventCountry "CAN"]

1. e4 e5 2. Nc3 Nf6 3. Bc4 Nc6 4. d3 Bb4 5. Nf3 d6 6. O-O Bg4 7. Nd5 Nxd5 8.
Bxd5 O-O 9. c3 Bc5 10. h3 Bxf3 11. Qxf3 Rb8 12. Qg3 Kh8 13. Be3 Bb6 14. Bxb6
axb6 15. f4 f6 16. f5 Ne7 17. Bb3 d5 18. Qe3 dxe4 19. dxe4 c6 20. g4 g5 21.
Rad1 Qc7 22. Rd3 Rbd8 23. Rfd1 Nc8 24. Qd2 Rde8 25. Rd7 Qb8 26. h4 h6 27. Qh2
Re7 28. hxg5 Rff7 29. Qxh6+ Kg8 30. Rd8+ 1-0

[Event "Quebec-ch qual. 2"]
[Site "Montreal CAN"]
[Date "2002.05.26"]
[Round "4"]
[White "Mathieu, Jean Phillipe"]
[Black "Trinh, Tri Bao"]
[Result "1-0"]
[WhiteElo "1752"]
[BlackElo "2063"]
[PlyCount "78"]
[EventDate "2002.05.24"]
[EventType "swiss"]
[EventRounds "5"]
[EventCountry "CAN"]

1. e4 Nc6 2. Nf3 e6 3. d4 d5 4. Nc3 dxe4 5. Nxe4 Be7 6. Be3 Nf6 7. Nxf6+ Bxf6
8. c3 O-O 9. Qc2 b6 10. Bd3 g6 11. O-O-O Bb7 12. h4 Qe7 13. h5 e5 14. hxg6 hxg6
15. Bh6 Bg7 16. Bxg7 Kxg7 17. Rde1 Qf6 18. Nxe5 Nxe5 19. Rxe5 Qf4+ 20. Qd2
Qxd2+ 21. Kxd2 Bxg2 22. Rg1 Bh3 23. Re7 Kf6 24. Rxc7 Rfc8 25. Rxc8 Rxc8 26. Be2
g5 27. Rg3 Bf5 28. Bd3 g4 29. f3 Bxd3 30. Kxd3 gxf3 31. Rxf3+ Kg6 32. d5 Rd8
33. Kd4 f5 34. Ke5 Re8+ 35. Kd6 Kg5 36. Kd7 Re2 37. d6 Rxb2 38. Kc7 Kg4 39. Rf1
f4 1-0